| 000 | 00695nam a2200217 a 4500 | ||
|---|---|---|---|
| 001 | 000010454 | ||
| 005 | 20240412074218.0 | ||
| 008 | 091007s1997 dr 000 p spa d | ||
| 040 |
_aDO-SdBNP _bspa _cBNPHU |
||
| 082 |
_aRD861.44 _bL864ar |
||
| 100 | 1 |
_aLópez Larache, José, _d1955- _91672 |
|
| 245 | 1 | 0 |
_aRuptura del silencio / _cJosé López Larache. |
| 260 |
_aMoca, República Dominicana : _bAteneo Insular, _c1997. |
||
| 300 |
_a87 p. ; _c21 cm. |
||
| 490 | 1 |
_aInsulas extrañas _v4 |
|
| 590 | _aInventariado, 2018/LP | ||
| 650 | 0 |
_aPoesía dominicana _966 |
|
| 650 | 0 |
_aLiteratura dominicana. _967 |
|
| 830 | 0 |
_aInsulas extrañas _n4 _925458 |
|
| 910 | _aValidado. Control de calidad MFF | ||
| 999 |
_c10213 _d10213 |
||